| 000 | 00571nam a2200193Ia 4500 | ||
|---|---|---|---|
| 005 | 20250923144320.0 | ||
| 008 | 008 250917s9999 xx 000 0 eng d | ||
| 037 | _aTextual | ||
| 040 |
_aDSWL _beng _cDSWL |
||
| 041 |
_aeng _2eng |
||
| 084 |
_aY13:4:6g, H9;1 _qDSWL |
||
| 245 | 0 |
_aAge is opportunity : A new guide to practical work for the welfare of old people _cby National Council of Social Service. |
|
| 260 | _c1949 | ||
| 300 | _a118p. | ||
| 365 |
_aINR _b2.6 |
||
| 925 | _g2.6 | ||
| 942 |
_cTEXL _hY13:4:6g, H9;1 |
||
| 999 |
_c1437365 _d1437365 |
||